Rozsypanka literowa - polscy piłkarze - Statystyki

Ogólne statystyki
  • Ten quiz został rozwiązany 81 razy
    79 od ostatniego zresetowania
  • Średni wynik to 13 z 20
Statystyki odpowiedzi
Piłkarz % Poprawnych
Szczęsny
90%
Milik
87%
Piątek
82%
Moder
79%
Bułka
76%
Kiwior
76%
Buksa
75%
Cash
75%
Świderski
75%
Lewandowski
73%
Skorupski
70%
Zieliński
70%
Szymański
64%
Linetty
60%
Kędziora
58%
Zalewski
48%
Piotrowski
46%
Frankowski
40%
Marczuk
33%
Romanczuk
24%
Nie znaleziono quizów pasujących do podanych kryteriów
Rozkład punktacji
Procent ludzi z każdym wynikiem
Percentyl według liczby udzielonych odpowiedzi
Twoja historia wyników
Nie rozwiązałeś tego quizu od ostatniego zresetowania